000 00977nam a2200265Ia 4500
003 OSt
005 20220923212256.0
006 a|||||r|||| 00| 0
007 ta
008 220922b |||||||| |||| 00| 0 hin d
024 _a151,969
037 _cTextual
040 _aARTS
_cARTS
_bhin
041 _2hin
_ahin
082 _aDelta2y7M76, K6
100 _aअपूर्वानन्द
_9156945
245 0 _aश्री रामकृष्ण और श्री मां
246 _aShrī rāmakṛuṣhṇa aur shrī māan
250 _aसंस्क 2
260 _aनागपुर
_b श्री रामकृष्ण आश्रम
_c1966
300 _a277 पृ.
_ccm.
490 _aश्री रामकृष्ण-शिवानन्द स्मृति ग्रंथ माता पुष्प; 63
942 _hDelta2y7M76, K6
_cTEXL
_2CC
999 _c307642
_d307642